| 000 | 00800nam a2200205Ii 4500 | ||
|---|---|---|---|
| 003 | JO-AjNU | ||
| 008 | 230605s9999||||xx |||||||||||||| ||und|| | ||
| 040 |
_aJO-AjNU _bara _erda _cJO-AjNU |
||
| 041 | _aara | ||
| 050 | 1 | 4 | _aBP173.25.S2572 1985 |
| 100 | 3 |
_aالسمالوطي، نبيل محمد توفيق, _eauthor _99836 |
|
| 245 | 0 | 0 | _aالمنهج الإسلامي في دراسة المجتمع : دراسة في علم الإجتماع الإسلامي |
| 250 | _aط2 | ||
| 264 | 3 | 1 | _aجدة: دار الشروق للنشر والتوزيع والطباعة، 1985 |
| 300 | _a327ص | ||
| 336 |
_atext _btxt _2rdacontent |
||
| 337 |
_aunmediated _bn _2rdamedia |
||
| 338 |
_avolume _bnc _2rdacarrier |
||
| 650 | 4 |
_aعلم الاجتماع الاسلامي- الاسلام والمجتمع _99837 |
|
| 999 |
_aA1502 _c5070 _d5070 |
||